Within-person predictors of same-day alcohol and nonmedical prescription drug use among youth presenting to an urban emergency department

Guardado en:  
Detalles Bibliográficos
Autores principales: Goldstick, Jason E. (Autor) ; Cunningham, Rebecca M. (Autor) ; Walton, Maureen A. (Autor) ; Bohnert, Amy S. B. (Autor) ; Myers, Matthew (Autor) ; Bonar, Erin E. (Autor)
Tipo de documento: Electrónico Artículo
Lenguaje:Inglés
Publicado: 2022
En: Journal of studies on alcohol and drugs
Año: 2022, Volumen: 83, Número: 1, Páginas: 85-90
Acceso en línea: Volltext (kostenfrei)
Verificar disponibilidad: HBZ Gateway

MARC

LEADER 00000caa a22000002c 4500
001 1912751100
003 DE-627
005 20250112055056.0
007 cr uuu---uuuuu
008 241217s2022 xx |||||o 00| ||eng c
024 7 |a 10.15288/jsad.2022.83.85  |2 doi 
035 |a (DE-627)1912751100 
035 |a (DE-599)KXP1912751100 
040 |a DE-627  |b ger  |c DE-627  |e rda 
041 |a eng 
084 |a 2,1  |2 ssgn 
100 1 |a Goldstick, Jason E.  |e VerfasserIn  |4 aut 
245 1 0 |a Within-person predictors of same-day alcohol and nonmedical prescription drug use among youth presenting to an urban emergency department 
264 1 |c 2022 
336 |a Text  |b txt  |2 rdacontent 
337 |a Computermedien  |b c  |2 rdamedia 
338 |a Online-Ressource  |b cr  |2 rdacarrier 
700 1 |a Cunningham, Rebecca M.  |e VerfasserIn  |4 aut 
700 1 |a Walton, Maureen A.  |e VerfasserIn  |4 aut 
700 1 |a Bohnert, Amy S. B.  |e VerfasserIn  |4 aut 
700 1 |a Myers, Matthew  |e VerfasserIn  |4 aut 
700 1 |a Bonar, Erin E.  |e VerfasserIn  |4 aut 
773 0 8 |i Enthalten in  |t Journal of studies on alcohol and drugs  |d Piscataway, NJ : Alcohol Research Documentation, Inc., 2007  |g 83(2022), 1, Seite 85-90  |h Online-Ressource  |w (DE-627)523196768  |w (DE-600)2266478-6  |w (DE-576)262269171  |x 1938-4114  |7 nnas 
773 1 8 |g volume:83  |g year:2022  |g number:1  |g pages:85-90 
787 0 8 |i Forschungsdaten  |a Cunningham, Rebecca  |t Substance Use Among Violently Injured Youth in an Urban Emergency Department: Services and Outcomes in Flint, Michigan, 2009-2013 (Public-Use)  |d [Erscheinungsort nicht ermittelbar] : [Verlag nicht ermittelbar], 2017  |w (DE-627)1840043121 
787 0 8 |i Forschungsdaten  |a Cunningham, Rebecca  |t Substance Use Among Violently Injured Youth in an Urban Emergency Department: Services and Outcomes in Flint, Michigan, 2009-2013  |d [Erscheinungsort nicht ermittelbar] : [Verlag nicht ermittelbar], 2016  |w (DE-627)1840043970 
856 |u https://www.ncbi.nlm.nih.gov/pmc/articles/8819893  |x unpaywall  |z Vermutlich kostenfreier Zugang  |h repository [deprecated] 
856 4 0 |u https://doi.org/10.15288/jsad.2022.83.85  |x Resolving-System  |z kostenfrei  |3 Volltext  |7 0 
935 |a mkri 
951 |a AR 
ELC |a 1 
LOK |0 000 xxxxxcx a22 zn 4500 
LOK |0 001 4637716667 
LOK |0 003 DE-627 
LOK |0 004 1912751100 
LOK |0 005 20241217045146 
LOK |0 008 241217||||||||||||||||ger||||||| 
LOK |0 035   |a (DE-2619)ICPSR163283 
LOK |0 040   |a DE-2619  |c DE-627  |d DE-2619 
LOK |0 092   |o n 
LOK |0 852   |a DE-2619 
LOK |0 852 1  |9 00 
LOK |0 935   |a nacp 
LOK |0 939   |a 17-12-24  |b l01 
OAS |a 1 
ORI |a SA-MARC-krimdoka001.raw